00303nam a2200121Ia 4500008004100000020001400041245003300055260002300088300001100111650001200122980003000134999001700164151021s9999 xx 000 0 und d a440170370 a_Player Piano Kurt Vonnegut  aNewyork Dell 1952  a295p.  a_Novel  a^d20130221 12:19:18^oanne c12890d12890